[Event "RUS-ch Men Blitz 2019"]
[Site "Sochi"]
[Date "2019.10.17"]
[Round "12.14"]
[White "Potapov, Pavel"]
[Black "Nesterov, Arseniy"]
[Result "1/2-1/2"]
[WhiteElo "2489"]
[BlackElo "2484"]
[Annotator "ChessBase"]
[PlyCount "52"]
[EventDate "2019.10.17"]
[EventType "swiss"]
[EventCountry "RUS"]
[SourceTitle "playchess.com"]
[Source "ChessBase"]
[SourceQuality "1"]
[TimeControl "180+2"]

1. e4 {[%emt 0:00:00]} e5 {[%emt 0:00:00]} 2. Nf3 {[%emt 0:00:00]} Nc6 {[%emt 0:00:01]} 3. Bb5 {[%emt 0:00:01]} a6 {[%emt 0:00:03]} 4. Ba4 {[%emt 0:00:02]} Nf6 {[%emt 0:00:01]} 5. Bxc6 {[%emt 0:00:02]} dxc6 {[%emt 0:00:02]} 6. d3 {[%emt 0:00:01]} Bd6 {[%emt 0:00:15]} 7. Nbd2 {[%emt 0:00:04]} Be6 {[%emt 0:00:18]} 8. b3 {[%emt 0:00:01]} Nd7 {[%emt 0:00:08]} 9. Bb2 {[%emt 0:00:02]} O-O {[%emt 0:00:04]} 10. O-O {[%emt 0:00:03]} Qe7 {[%emt 0:00:10]} 11. Nc4 {[%emt 0:00:04]} f6 {[%emt 0:00:02]} 12. Ne3 {[%emt 0:00:08]} Rad8 {[%emt 0:00:10]} 13. Nf5 {[%emt 0:00:08]} Qf7 {[%emt 0:00:04]} 14. Qe2 {[%emt 0:00:05]} Rfe8 {[%emt 0:00:07]} 15. Rad1 {[%emt 0:00:02]} c5 {[%emt 0:00:07]} 16. h3 {[%emt 0:00:03]} Bf8 {[%emt 0:00:05]} 17. Nh2 {[%emt 0:00:10]} Nb8 {[%emt 0:00:24]} 18. Qf3 {[%emt 0:00:22]} Nc6 {[%emt 0:00:10]} 19. Qg3 {[%emt 0:00:07]} Qg6 {[%emt 0:00:03]} 20. Qxg6 {[%emt 0:00:12]} hxg6 {[%emt 0:00:01]} 21. Ne3 {[%emt 0:00:01]} Nd4 {[%emt 0:00:06]} 22. Rfe1 {[%emt 0:00:08]} Kf7 {[%emt 0:00:05]} 23. Nhf1 {[%emt 0:00:02]} g5 {[%emt 0:00:09]} 24. f3 {[%emt 0:00:08]} g6 {[%emt 0:00:02]} 25. Kf2 {[%emt 0:00:06]} a5 {[%emt 0:00:01]} 26. a4 {[%emt 0:00:09]} b6 {[%emt 0:00:07]} 1/2-1/2

[Event "RUS-ch Men Blitz 2019"]
[Site "Sochi"]
[Date "2019.10.17"]
[Round "12.15"]
[White "Kokarev, Dmitry"]
[Black "Remizov, Yaroslav"]
[Result "1-0"]
[WhiteElo "2593"]
[BlackElo "2394"]
[Annotator "ChessBase"]
[PlyCount "91"]
[EventDate "2019.10.17"]
[EventType "swiss"]
[EventCountry "RUS"]
[SourceTitle "playchess.com"]
[Source "ChessBase"]
[SourceQuality "1"]
[TimeControl "180+2"]

1. e4 {[%emt 0:00:00]} e6 {[%emt 0:00:00]} 2. d4 {[%emt 0:00:01]} d5 {[%emt 0:00:00]} 3. Nc3 {[%emt 0:00:01]} Bb4 {[%emt 0:00:01]} 4. e5 {[%emt 0:00:01]} c5 {[%emt 0:00:01]} 5. a3 {[%emt 0:00:02]} Bxc3+ {[%emt 0:00:02]} 6. bxc3 {[%emt 0:00:01]} Ne7 {[%emt 0:00:01]} 7. Qg4 {[%emt 0:00:01]} Qc7 {[%emt 0:00:03]} 8. Qxg7 {[%emt 0:00:02]} Rg8 {[%emt 0:00:01]} 9. Qxh7 {[%emt 0:00:01]} cxd4 {[%emt 0:00:01]} 10. Ne2 {[%emt 0:00:01]} Nbc6 {[%emt 0:00:01]} 11. f4 {[%emt 0:00:04]} dxc3 {[%emt 0:00:02]} 12. Qd3 {[%emt 0:00:03]} d4 {[%emt 0:00:04]} 13. Nxd4 {[%emt 0:00:07]} Nxd4 {[%emt 0:00:04]} 14. Qxd4 {[%emt 0:00:01]} Nf5 {[%emt 0:00:17]} 15. Bb5+ {[%emt 0:00:03]} Bd7 {[%emt 0:00:21]} 16. Bxd7+ {[%emt 0:00:03]} Qxd7 {[%emt 0:00:02]} 17. Qxd7+ {[%emt 0:00:01]} Kxd7 {[%emt 0:00:01]} 18. Kf2 {[%emt 0:00:02]} Rad8 {[%emt 0:00:44]} 19. Rb1 {[%emt 0:00:01]} Nd4 {[%emt 0:00:36]} 20. Rxb7+ {[%emt 0:00:05]} Kc6 {[%emt 0:00:00]} 21. Rb4 {[%emt 0:00:03]} Nxc2 {[%emt 0:00:53]} 22. Rc4+ {[%emt 0:00:02]} Kb5 {[%emt 0:00:02]} 23. Rxc3 {[%emt 0:00:02]} Rc8 {[%emt 0:00:00]} 24. Rxc8 {[%emt 0:00:07]} Rxc8 {[%emt 0:00:01]} 25. h4 {[%emt 0:00:06]} Nd4 {[%emt 0:00:03]} 26. Bd2 {[%emt 0:00:39]} Rc2 {[%emt 0:00:08]} 27. Ke3 {[%emt 0:00:02]} Nf5+ {[%emt 0:00:09]} 28. Kd3 {[%emt 0:00:02]} Ra2 {[%emt 0:00:01]} 29. g4 {[%emt 0:00:26]} Rxa3+ {[%emt 0:00:02]} 30. Bc3 {[%emt 0:00:02]} Ne7 {[%emt 0:00:09]} 31. Rb1+ {[%emt 0:00:22]} Kc5 {[%emt 0:00:04]} 32. Ra1 {[%emt 0:00:15]} Rxa1 {[%emt 0:00:04]} 33. Bxa1 {[%emt 0:00:01]} a5 {[%emt 0:00:05]} 34. h5 {[%emt 0:00:03]} Kc6 {[%emt 0:00:02]} 35. Ke4 {[%emt 0:00:03]} Kd7 {[%emt 0:00:00]} 36. f5 {[%emt 0:00:03]} exf5+ {[%emt 0:00:02]} 37. gxf5 {[%emt 0:00:01]} Ke8 {[%emt 0:00:01]} 38. Bc3 {[%emt 0:00:11]} Kf8 {[%emt 0:00:02]} 39. Bxa5 {[%emt 0:00:04]} Nc6 {[%emt 0:00:01]} 40. Bd2 {[%emt 0:00:05]} Kg7 {[%emt 0:00:02]} 41. Bg5 {[%emt 0:00:03]} Na5 {[%emt 0:00:05]} 42. Kd5 {[%emt 0:00:02]} Nb3 {[%emt 0:00:02]} 43. e6 {[%emt 0:00:03]} fxe6+ {[%emt 0:00:01]} 44. fxe6 {[%emt 0:00:01]} Na5 {[%emt 0:00:02]} 45. e7 {[%emt 0:00:04]} Kf7 {[%emt 0:00:00]} 46. h6 {[%emt 0:00:01]} 1-0

[Event "RUS-ch Men Blitz 2019"]
[Site "Sochi"]
[Date "2019.10.17"]
[Round "12.16"]
[White "Faizrakhmanov, Ramil"]
[Black "Rozum, Ivan"]
[Result "1-0"]
[WhiteElo "2434"]
[BlackElo "2599"]
[Annotator "ChessBase"]
[PlyCount "109"]
[EventDate "2019.10.17"]
[EventType "swiss"]
[EventCountry "RUS"]
[SourceTitle "playchess.com"]
[Source "ChessBase"]
[SourceQuality "1"]
[TimeControl "180+2"]

1. d4 {[%emt 0:00:00]} Nf6 {[%emt 0:00:00]} 2. c4 {[%emt 0:00:00]} d6 {[%emt 0:00:01]} 3. Nf3 {[%emt 0:00:02]} g6 {[%emt 0:00:03]} 4. e3 {[%emt 0:00:01]} Bg7 {[%emt 0:00:01]} 5. Be2 {[%emt 0:00:02]} O-O {[%emt 0:00:02]} 6. O-O {[%emt 0:00:01]} b6 {[%emt 0:00:02]} 7. Nc3 {[%emt 0:00:05]} Bb7 {[%emt 0:00:01]} 8. b3 {[%emt 0:00:01]} Nbd7 {[%emt 0:00:02]} 9. Qc2 {[%emt 0:00:02]} e5 {[%emt 0:00:18]} 10. Bb2 {[%emt 0:00:02]} Re8 {[%emt 0:00:04]} 11. Rfd1 {[%emt 0:00:01]} exd4 {[%emt 0:00:04]} 12. Nxd4 {[%emt 0:00:21]} Nc5 {[%emt 0:00:03]} 13. Bf3 {[%emt 0:00:04]} Bxf3 {[%emt 0:00:03]} 14. Nxf3 {[%emt 0:00:01]} a5 {[%emt 0:00:03]} 15. h3 {[%emt 0:00:02]} Qc8 {[%emt 0:00:02]} 16. Nd5 {[%emt 0:00:10]} Nxd5 {[%emt 0:00:07]} 17. cxd5 {[%emt 0:00:04]} Bxb2 {[%emt 0:00:02]} 18. Qxb2 {[%emt 0:00:01]} b5 {[%emt 0:00:10]} 19. Nd4 {[%emt 0:00:20]} b4 {[%emt 0:00:01]} 20. a3 {[%emt 0:00:02]} Qb7 {[%emt 0:00:02]} 21. Nc6 {[%emt 0:00:08]} Ne4 {[%emt 0:00:15]} 22. axb4 {[%emt 0:00:10]} axb4 {[%emt 0:00:01]} 23. Rxa8 {[%emt 0:00:02]} Rxa8 {[%emt 0:00:02]} 24. Rd4 {[%emt 0:00:06]} f5 {[%emt 0:00:26]} 25. Rxb4 {[%emt 0:00:03]} Qa6 {[%emt 0:00:05]} 26. Ra4 {[%emt 0:00:21]} Qb7 {[%emt 0:00:01]} 27. Rxa8+ {[%emt 0:00:04]} Qxa8 {[%emt 0:00:00]} 28. f3 {[%emt 0:00:03]} Ng5 {[%emt 0:00:16]} 29. Qf6 {[%emt 0:00:07]} Nf7 {[%emt 0:00:01]} 30. Kh2 {[%emt 0:00:24]} Qa3 {[%emt 0:00:11]} 31. Nd8 {[%emt 0:00:11]} Nxd8 {[%emt 0:00:43]} 32. Qxd8+ {[%emt 0:00:01]} Kf7 {[%emt 0:00:06]} 33. Qxc7+ Kf6 34. Qxh7 {[%emt 0:00:15]} Qxb3 {[%emt 0:00:03]} 35. Qh8+ {[%emt 0:00:07]} Kf7 {[%emt 0:00:04]} 36. Qd4 {[%emt 0:00:13]} g5 {[%emt 0:00:05]} 37. e4 {[%emt 0:00:08]} Qc2 {[%emt 0:00:28]} 38. e5 {[%emt 0:00:02]} dxe5 {[%emt 0:00:05]} 39. Qxe5 {[%emt 0:00:01]} Kg6 {[%emt 0:00:05]} 40. Qe6+ {[%emt 0:00:05]} Kh5 {[%emt 0:00:05]} 41. d6 {[%emt 0:00:12]} Qd2 {[%emt 0:00:01]} 42. Qf7+ {[%emt 0:00:07]} Kh6 {[%emt 0:00:01]} 43. Qf6+ {[%emt 0:00:02]} Kh5 {[%emt 0:00:00]} 44. Qe5 {[%emt 0:00:06]} Kg6 {[%emt 0:00:03]} 45. Qe6+ {[%emt 0:00:05]} Kh5 {[%emt 0:00:01]} 46. Qe8+ {[%emt 0:00:02]} Kh6 {[%emt 0:00:01]} 47. Qf8+ {[%emt 0:00:02]} Kg6 {[%emt 0:00:02]} 48. Qe8+ Kh6 49. Qe6+ {[%emt 0:00:05]} Kh5 {[%emt 0:00:01]} 50. Qe5 {[%emt 0:00:03]} Kg6 {[%emt 0:00:02]} 51. Qe6+ {[%emt 0:00:01]} Kh5 {[%emt 0:00:01]} 52. Qxf5 {[%emt 0:00:01]} Qxd6+ {[%emt 0:00:01]} 53. f4 {[%emt 0:00:01]} Qxf4+ {[%emt 0:00:02]} 54. Qxf4 {[%emt 0:00:01]} gxf4 {[%emt 0:00:01]} 55. Kg1 {[%emt 0:00:02]} 1-0

[Event "RUS-ch Men Blitz 2019"]
[Site "Sochi"]
[Date "2019.10.17"]
[Round "12.17"]
[White "Papenin, Nikolai"]
[Black "Belozerov, Andrei"]
[Result "1-0"]
[WhiteElo "2295"]
[BlackElo "2515"]
[Annotator "ChessBase"]
[PlyCount "92"]
[EventDate "2019.10.17"]
[EventType "swiss"]
[EventCountry "RUS"]
[SourceTitle "playchess.com"]
[Source "ChessBase"]
[SourceQuality "1"]
[TimeControl "180+2"]

1. d4 {[%emt 0:00:00]} d5 {[%emt 0:00:00]} 2. c4 c6 3. Nc3 {[%emt 0:00:00]} Nf6 {[%emt 0:00:00]} 4. Nf3 {[%emt 0:00:01]} dxc4 {[%emt 0:00:01]} 5. a4 {[%emt 0:00:09]} Bf5 {[%emt 0:00:01]} 6. e3 {[%emt 0:00:08]} e6 {[%emt 0:00:01]} 7. Bxc4 {[%emt 0:00:01]} Bb4 {[%emt 0:00:01]} 8. O-O {[%emt 0:00:02]} Nbd7 {[%emt 0:00:00]} 9. Qb3 {[%emt 0:00:04]} a5 {[%emt 0:00:04]} 10. Na2 {[%emt 0:00:15]} Bd6 {[%emt 0:00:13]} 11. Qxb7 {[%emt 0:00:01]} Rb8 {[%emt 0:00:06]} 12. Qa6 {[%emt 0:00:21]} O-O {[%emt 0:00:04]} 13. Bd3 {[%emt 0:00:15]} Qc7 {[%emt 0:00:26]} 14. Bxf5 {[%emt 0:00:06]} exf5 {[%emt 0:00:01]} 15. Bd2 {[%emt 0:00:16]} Ra8 {[%emt 0:00:21]} 16. Qc4 {[%emt 0:00:11]} Ne4 {[%emt 0:00:01]} 17. h3 {[%emt 0:00:18]} Rfc8 {[%emt 0:00:07]} 18. Nc3 {[%emt 0:00:09]} Rab8 {[%emt 0:00:11]} 19. Nxe4 {[%emt 0:00:10]} fxe4 {[%emt 0:00:01]} 20. Ng5 {[%emt 0:00:01]} Nf6 {[%emt 0:00:01]} 21. Bxa5 {[%emt 0:00:18]} Qxa5 {[%emt 0:00:30]} 22. Nxf7 {[%emt 0:00:03]} Qd5 {[%emt 0:00:25]} 23. Nxd6 {[%emt 0:00:04]} Qxc4 {[%emt 0:00:06]} 24. Nxc4 {[%emt 0:00:01]} Rb4 {[%emt 0:00:00]} 25. Rfc1 {[%emt 0:00:03]} Nd5 {[%emt 0:00:02]} 26. a5 {[%emt 0:00:02]} Ra8 {[%emt 0:00:01]} 27. a6 {[%emt 0:00:03]} Kf8 {[%emt 0:00:05]} 28. Ne5 {[%emt 0:00:09]} Rxb2 {[%emt 0:00:03]} 29. Rxc6 {[%emt 0:00:07]} Nb4 {[%emt 0:00:05]} 30. Rb6 {[%emt 0:00:06]} Nd3 {[%emt 0:00:01]} 31. Rxb2 {[%emt 0:00:04]} Nxb2 {[%emt 0:00:01]} 32. Nc6 {[%emt 0:00:09]} Ke8 {[%emt 0:00:03]} 33. a7 {[%emt 0:00:04]} Kd7 {[%emt 0:00:01]} 34. d5 {[%emt 0:00:00]} Kd6 {[%emt 0:00:21]} 35. Rb1 {[%emt 0:00:15]} Kxd5 {[%emt 0:00:01]} 36. Nb4+ {[%emt 0:00:01]} Kc4 {[%emt 0:00:01]} 37. Rxb2 {[%emt 0:00:01]} Rxa7 {[%emt 0:00:00]} 38. Nc6 {[%emt 0:00:05]} Ra1+ {[%emt 0:00:04]} 39. Kh2 Kc3 40. Rb7 {[%emt 0:00:04]} Kd2 {[%emt 0:00:02]} 41. Rxg7 {[%emt 0:00:06]} Ke2 {[%emt 0:00:01]} 42. Kg3 {[%emt 0:00:02]} Rg1 {[%emt 0:00:01]} 43. Nd4+ {[%emt 0:00:03]} Kf1 {[%emt 0:00:01]} 44. Kf4 {[%emt 0:00:02]} Kxf2 {[%emt 0:00:02]} 45. Kxe4 {[%emt 0:00:02]} Rxg2 {[%emt 0:00:01]} 46. Rxg2+ {[%emt 0:00:01]} Kxg2 {[%emt 0:00:01]} 1-0

[Event "RUS-ch Men Blitz 2019"]
[Site "Sochi"]
[Date "2019.10.17"]
[Round "12.18"]
[White "Lugovskoy, Maxim"]
[Black "Korchmar, Vasiliy"]
[Result "1-0"]
[WhiteElo "2436"]
[BlackElo "2432"]
[Annotator "NA"]
[PlyCount "43"]
[EventDate "2019.10.17"]
[EventType "swiss"]
[EventCountry "RUS"]
[SourceTitle "playchess.com"]
[Source "ChessBase"]
[SourceQuality "1"]
[TimeControl "180+2"]

1. d4 {[%emt 0:00:00]} Nf6 {[%emt 0:00:00]} 2. Nc3 {[%emt 0:00:00]} d5 {[%emt 0:00:02]} 3. Bf4 {[%emt 0:00:00]} a6 {[%emt 0:00:03]} 4. Nf3 {[%emt 0:00:02]} Nbd7 {[%emt 0:00:00]} 5. e3 {[%emt 0:00:02]} e6 {[%emt 0:00:04]} 6. Bd3 {[%emt 0:00:01]} c5 {[%emt 0:00:08]} 7. O-O {[%emt 0:00:02]} b5 {[%emt 0:00:02]} 8. a3 {[%emt 0:00:03]} Bb7 {[%emt 0:00:01]} 9. dxc5 {[%emt 0:00:07]} Nxc5 {[%emt 0:00:01]} 10. Qe2 {[%emt 0:00:01]} Be7 {[%emt 0:00:05]} 11. Rad1 {[%emt 0:00:01]} Qb6 {[%emt 0:00:09]} 12. Bg5 {[%emt 0:00:05]} O-O {[%emt 0:00:03]} 13. Ne5 {[%emt 0:00:07]} Rad8 {[%emt 0:00:10]} 14. Ng4 {[%emt 0:00:16]} Nxd3 {[%emt 0:00:12]} 15. cxd3 {[%emt 0:00:03]} Rfe8 {[%emt 0:00:28]} 16. Bxf6 {[%emt 0:00:08]} gxf6 {[%emt 0:00:26]} 17. Nh6+ {[%emt 0:00:01]} Kg7 {[%emt 0:00:01]} 18. Qh5 {[%emt 0:00:01]} Rf8 {[%emt 0:00:10]} 19. d4 {[%emt 0:00:03]} f5 {[%emt 0:00:23]} 20. f4 {[%emt 0:00:01]} Qc7 {[%emt 0:00:16]} 21. Rf3 {[%emt 0:00:00]} Bd6 {[%emt 0:00:22]} 22. Qg5+ {[%emt 0:00:07]} 1-0

[Event "RUS-ch Men Blitz 2019"]
[Site "Sochi"]
[Date "2019.10.17"]
[Round "12.19"]
[White "Kardashevskiy, Evgeny"]
[Black "Samusenko, Maksim"]
[Result "1/2-1/2"]
[WhiteElo "2428"]
[BlackElo "2445"]
[Annotator "NA"]
[PlyCount "104"]
[EventDate "2019.10.17"]
[EventType "swiss"]
[EventCountry "RUS"]
[SourceTitle "playchess.com"]
[Source "ChessBase"]
[SourceQuality "1"]
[TimeControl "180+2"]

1. d4 {[%emt 0:00:00]} Nf6 {[%emt 0:00:00]} 2. Nf3 {[%emt 0:00:00]} d6 {[%emt 0:00:00]} 3. c4 {[%emt 0:00:01]} g6 {[%emt 0:00:00]} 4. g3 {[%emt 0:00:03]} Bg7 {[%emt 0:00:00]} 5. Bg2 {[%emt 0:00:01]} O-O {[%emt 0:00:01]} 6. O-O {[%emt 0:00:01]} c6 {[%emt 0:00:01]} 7. Nc3 {[%emt 0:00:02]} Nbd7 {[%emt 0:00:01]} 8. b3 {[%emt 0:00:10]} Re8 {[%emt 0:00:06]} 9. e4 {[%emt 0:00:05]} e5 {[%emt 0:00:03]} 10. h3 {[%emt 0:00:05]} exd4 {[%emt 0:00:07]} 11. Nxd4 {[%emt 0:00:02]} Nc5 {[%emt 0:00:01]} 12. Re1 {[%emt 0:00:10]} Qb6 {[%emt 0:00:02]} 13. Be3 {[%emt 0:00:24]} a5 {[%emt 0:00:21]} 14. Qc2 {[%emt 0:00:03]} Bd7 {[%emt 0:00:13]} 15. Rad1 {[%emt 0:00:02]} Rad8 {[%emt 0:00:02]} 16. Rd2 {[%emt 0:00:18]} Bc8 {[%emt 0:00:06]} 17. Red1 {[%emt 0:00:03]} Qc7 {[%emt 0:00:28]} 18. a3 {[%emt 0:00:22]} Qe7 {[%emt 0:00:14]} 19. f3 {[%emt 0:00:01]} d5 {[%emt 0:00:18]} 20. cxd5 {[%emt 0:00:04]} cxd5 {[%emt 0:00:02]} 21. Bg5 {[%emt 0:00:32]} dxe4 {[%emt 0:00:04]} 22. fxe4 {[%emt 0:00:08]} Qe5 {[%emt 0:00:39]} 23. Bf4 {[%emt 0:00:02]} Qh5 {[%emt 0:00:01]} 24. e5 {[%emt 0:00:12]} Rxe5 {[%emt 0:00:41]} 25. Bf3 {[%emt 0:00:13]} Qxh3 {[%emt 0:00:07]} 26. Bxe5 {[%emt 0:00:03]} Ng4 {[%emt 0:00:06]} 27. Bxg4 {[%emt 0:00:04]} Bxg4 {[%emt 0:00:01]} 28. Bxg7 {[%emt 0:00:02]} Bxd1 {[%emt 0:00:04]} 29. Qxd1 {[%emt 0:00:04]} Qxg3+ {[%emt 0:00:01]} 30. Kh1 {[%emt 0:00:02]} Kxg7 {[%emt 0:00:03]} 31. Nf5+ {[%emt 0:00:14]} gxf5 {[%emt 0:00:00]} 32. Rxd8 {[%emt 0:00:04]} Qxc3 {[%emt 0:00:02]} 33. Qd4+ {[%emt 0:00:18]} Qxd4 {[%emt 0:00:01]} 34. Rxd4 {[%emt 0:00:01]} Nxb3 {[%emt 0:00:01]} 35. Rd5 {[%emt 0:00:01]} b6 {[%emt 0:00:09]} 36. Rb5 {[%emt 0:00:02]} Nd4 {[%emt 0:00:01]} 37. Rxb6 {[%emt 0:00:01]} f6 {[%emt 0:00:01]} 38. Rd6 {[%emt 0:00:04]} Nb5 {[%emt 0:00:01]} 39. Rd5 {[%emt 0:00:09]} Nxa3 {[%emt 0:00:01]} 40. Rxa5 {[%emt 0:00:01]} Nc4 {[%emt 0:00:01]} 41. Rxf5 {[%emt 0:00:02]} Ne5 {[%emt 0:00:00]} 42. Rf1 {[%emt 0:00:01]} Kg6 {[%emt 0:00:02]} 43. Kg2 {[%emt 0:00:01]} Kg5 {[%emt 0:00:01]} 44. Ra1 {[%emt 0:00:01]} h5 {[%emt 0:00:01]} 45. Ra4 {[%emt 0:00:02]} f5 {[%emt 0:00:04]} 46. Kg3 {[%emt 0:00:02]} Ng6 {[%emt 0:00:01]} 47. Rb4 {[%emt 0:00:02]} h4+ {[%emt 0:00:01]} 48. Kf3 {[%emt 0:00:03]} Ne5+ {[%emt 0:00:02]} 49. Kg2 {[%emt 0:00:02]} f4 {[%emt 0:00:04]} 50. Rb5 {[%emt 0:00:01]} Kf5 {[%emt 0:00:01]} 51. Kh3 {[%emt 0:00:01]} Ke4 {[%emt 0:00:01]} 52. Kxh4 {[%emt 0:00:03]} Nf3+ {[%emt 0:00:03]} 1/2-1/2

[Event "RUS-ch Men Blitz 2019"]
[Site "Sochi"]
[Date "2019.10.17"]
[Round "12.20"]
[White "Bryakin, Mikhail"]
[Black "Sysolyatin, Evgeny"]
[Result "0-1"]
[WhiteElo "2440"]
[BlackElo "2271"]
[Annotator "TA"]
[PlyCount "80"]
[EventDate "2019.10.17"]
[EventType "swiss"]
[EventCountry "RUS"]
[SourceTitle "playchess.com"]
[Source "ChessBase"]
[SourceQuality "1"]

{[%evp 12,110,50,58,49,0,10,7,0,-12,-10,-20,0,-25,-15,-33,0,-24,-27,-72,-52,-89,-62,-143,-145,-154,-176,-177,-162,-233,-208,-214,-156,-254,-253,-262,-261,-429,-304,-348,-347,-423,-421,-413,-383,-397,-365,-437,-265,-500,-499,-447,-238,-352,-290,-256,-243,-369,-370,-700,-675,-687,-513,-946,-478,-454,0,-913,0,-431,0,-889,-715,-945,-593,-1001,-991,-877,-446,-539,-504,-29980,-29981,-5804,-5601,-29990,-29980,-29980,-29981,-29990,-478,-29970,-29971,-29968,-29969,-5169,-358,-330,0,-4141,-4141]} 1. d4 Nf6 2. c4 e6 3. g3 d5 4. Bg2 Nbd7 5. Nf3 dxc4 6. O-O Rb8 7. a4 a6 {E04: Open Catalan: 5 Nf3} 8. Bg5 (8. a5 Bd6 9. Nbd2 b5 10. axb6 Nxb6 11. Nxc4 Nxc4 12. Qa4+ Rb5 13. Qxc4 O-O 14. Rd1 {½-½ (30) Eljanov,P (2700)-Adly,A (2626) Sharjah 2018}) 8... b5 $146 ({Predecessor:} 8... Be7 9. Qc2 b5 10. axb5 axb5 11. Nbd2 O-O 12. b3 h6 13. Bxf6 Bxf6 14. bxc4 {½-½ (49) Baron Rodriguez,J (2250)-Ferrer Serrano,R (2170) Zaragoza 1996}) 9. axb5 axb5 {The position is equal.} 10. b3 cxb3 11. Qxb3 {White wants to play Ne5.} Be7 12. Rc1 O-O 13. Nbd2 c5 14. dxc5 Nxc5 15. Qc2 Bb7 16. Rab1 Bd5 (16... Rc8 {looks sharper.} 17. Qb2 Bc6 18. Qa1 h6 19. Be3 Na4) 17. Bxf6 (17. Bf4 $15) 17... gxf6 $17 18. e4 Ba8 19. Rd1 Qd3 20. Qb2 (20. Qxd3 {might work better.} Nxd3 21. Nd4) 20... Rfd8 ({Inferior is} 20... Nxe4 21. Ne1 $16) 21. Bf1 Qd6 22. Qc2 (22. Nb3 $17 Qb6 23. Nxc5 Qxc5 24. Rbc1) 22... Qc6 $19 23. Re1 b4 24. Bc4 $2 (24. Qc4) 24... Na4 25. Rbc1 Nc3 26. Bf1 Rbc8 27. Qb2 Qc5 28. Nb3 Qh5 29. Bg2 Rd3 30. Nbd2 $2 (30. Nfd4 Qe5 31. Ne2) 30... Rcd8 31. Ra1 Qg6 (31... Bc5 $142 32. Qc2 Bc6) 32. h3 (32. Ra7 $142 Bc5 33. Ra5) 32... Bb7 ({Weaker is} 32... Bxe4 33. Nxe4 Nxe4 34. Nh4 $11) 33. Ra7 R3d7 {Threatens to win with ...Bc5.} ({And not} 33... Nxe4 34. Nxe4 R3d7 35. Nd4 $16) 34. Nh4 (34. Nb3 {was the only defense.}) 34... Qg5 35. Ndf3 $2 (35. Nb3) 35... Qc5 36. Raa1 Bc6 37. g4 (37. Rac1 $142) 37... Qc4 38. Bf1 Qc5 (38... Rd3 $142 39. Ng2 Bxe4 40. Bxd3 Qxd3) 39. Bg2 $1 Qc4 (39... f5 $142 40. gxf5 Bxh4) 40. Bf1 Rd3 {Played: Qc4-c5} 0-1

[Event "RUS-ch Men Blitz 2019"]
[Site "Sochi"]
[Date "2019.10.17"]
[Round "12.21"]
[White "Chos, Alexey"]
[Black "Vastrukhin, Oleg"]
[Result "0-1"]
[WhiteElo "2296"]
[BlackElo "2428"]
[Annotator "NA"]
[PlyCount "32"]
[EventDate "2019.10.17"]
[EventType "swiss"]
[EventCountry "RUS"]
[SourceTitle "playchess.com"]
[Source "ChessBase"]
[SourceQuality "1"]
[TimeControl "180+2"]

1. e4 {[%emt 0:00:00]} e6 {[%emt 0:00:00]} 2. d4 {[%emt 0:00:00]} d5 {[%emt 0:00:00]} 3. Nd2 {[%emt 0:00:01]} a6 {[%emt 0:00:00]} 4. e5 {[%emt 0:00:06]} c5 {[%emt 0:00:02]} 5. c3 {[%emt 0:00:01]} Qb6 {[%emt 0:00:04]} 6. Ndf3 {[%emt 0:00:07]} Bd7 {[%emt 0:00:02]} 7. a4 {[%emt 0:00:03]} cxd4 {[%emt 0:00:06]} 8. cxd4 {[%emt 0:00:07]} Nc6 {[%emt 0:00:05]} 9. Ne2 {[%emt 0:00:09]} Nge7 {[%emt 0:00:05]} 10. b3 {[%emt 0:00:18]} Nf5 {[%emt 0:00:06]} 11. Ra2 {[%emt 0:01:21]} Bb4+ {[%emt 0:00:03]} 12. Bd2 {[%emt 0:00:01]} Nfxd4 {[%emt 0:00:05]} 13. Nexd4 {[%emt 0:00:04]} Nxd4 {[%emt 0:00:01]} 14. Bd3 {[%emt 0:00:07]} Bxd2+ {[%emt 0:00:10]} 15. Rxd2 {[%emt 0:00:03]} Nxf3+ {[%emt 0:00:31]} 16. Qxf3 {[%emt 0:00:02]} Qxb3 {[%emt 0:00:06]} 0-1

[Event "RUS-ch Men Blitz 2019"]
[Site "Sochi"]
[Date "2019.10.17"]
[Round "12.22"]
[White "Oganian, Miran"]
[Black "Frolov, Aleksey G."]
[Result "1-0"]
[WhiteElo "2436"]
[BlackElo "2093"]
[Annotator "NA"]
[PlyCount "73"]
[EventDate "2019.10.17"]
[EventType "swiss"]
[EventCountry "RUS"]
[SourceTitle "playchess.com"]
[Source "ChessBase"]
[SourceQuality "1"]
[TimeControl "180+2"]

1. d4 {[%emt 0:00:00]} Nf6 {[%emt 0:00:00]} 2. c4 {[%emt 0:00:00]} g6 {[%emt 0:00:00]} 3. Nf3 {[%emt 0:00:01]} Bg7 {[%emt 0:00:01]} 4. g3 {[%emt 0:00:01]} O-O {[%emt 0:00:02]} 5. Bg2 {[%emt 0:00:01]} d5 {[%emt 0:00:01]} 6. O-O {[%emt 0:00:02]} Nc6 {[%emt 0:00:01]} 7. cxd5 {[%emt 0:00:06]} Nxd5 {[%emt 0:00:01]} 8. e3 {[%emt 0:00:09]} Re8 {[%emt 0:00:10]} 9. Nc3 {[%emt 0:00:04]} Nb6 {[%emt 0:00:01]} 10. d5 {[%emt 0:00:14]} Na5 {[%emt 0:00:02]} 11. e4 {[%emt 0:00:06]} c6 {[%emt 0:00:02]} 12. Bg5 {[%emt 0:00:23]} Bxc3 {[%emt 0:00:06]} 13. bxc3 {[%emt 0:00:02]} cxd5 {[%emt 0:00:01]} 14. e5 {[%emt 0:00:51]} Qc7 {[%emt 0:00:07]} 15. Rc1 {[%emt 0:00:06]} Nac4 {[%emt 0:00:02]} 16. Qd4 {[%emt 0:00:03]} Bf5 {[%emt 0:00:34]} 17. Rfe1 {[%emt 0:00:04]} Rad8 {[%emt 0:00:15]} 18. Bh6 {[%emt 0:00:07]} e6 {[%emt 0:00:17]} 19. Qh4 {[%emt 0:00:12]} Qe7 {[%emt 0:00:11]} 20. Bg5 {[%emt 0:00:01]} Qf8 {[%emt 0:00:01]} 21. Bxd8 {[%emt 0:00:14]} Rxd8 {[%emt 0:00:01]} 22. Nd4 {[%emt 0:00:07]} Nb2 {[%emt 0:00:19]} 23. Nxf5 {[%emt 0:00:04]} exf5 {[%emt 0:00:03]} 24. Bf1 {[%emt 0:00:05]} Re8 {[%emt 0:00:05]} 25. Qd4 {[%emt 0:00:08]} Qa3 {[%emt 0:00:19]} 26. h4 {[%emt 0:00:07]} N2c4 {[%emt 0:00:12]} 27. h5 {[%emt 0:00:04]} Qxa2 {[%emt 0:00:14]} 28. e6 {[%emt 0:00:09]} Rxe6 {[%emt 0:00:10]} 29. h6 {[%emt 0:00:09]} Kf8 {[%emt 0:00:06]} 30. Rxe6 {[%emt 0:00:01]} fxe6 {[%emt 0:00:01]} 31. Qg7+ {[%emt 0:00:05]} Ke8 {[%emt 0:00:00]} 32. Qg8+ {[%emt 0:00:05]} Kd7 {[%emt 0:00:01]} 33. Qxh7+ {[%emt 0:00:00]} Kd6 {[%emt 0:00:02]} 34. Qxb7 {[%emt 0:00:07]} Qd2 {[%emt 0:00:03]} 35. Ra1 {[%emt 0:00:07]} Qxh6 {[%emt 0:00:01]} 36. Rxa7 {[%emt 0:00:01]} Qc1 {[%emt 0:00:25]} 37. Qc7# {[%emt 0:00:01]} 1-0